| 000 | 00588nam a2200217 a 4500 | ||
|---|---|---|---|
| 001 | BRCA_7217 | ||
| 005 | 20190320205744.0 | ||
| 008 | 170112s1940----u--af#####---#000-0#eng-# | ||
| 041 | _aeng | ||
| 044 | _au | ||
| 050 | 4 |
_aN6911 _b.L37 |
|
| 245 | 1 | 0 |
_aLater Italian art _cPowers. |
| 260 |
_aNewton, Mass _bThe University Prints _c[1940] |
||
| 300 |
_a1 estuche con láminas _bil., 512 láminas _c21 cm. |
||
| 440 | 0 |
_aUniversity Prints. Student series _vC _917881 |
|
| 500 | _aP113 | ||
| 650 | 1 | 4 |
_aArte italiano _916442 |
| 700 | 1 |
_aPowers _eed. _917882 |
|
| 902 | _aGFM | ||
| 942 |
_2lcc _cB |
||
| 999 |
_c6898 _d6898 |
||